| 000 | 00648nam a2200217 a 4500 | ||
|---|---|---|---|
| 999 |
_c4689 _d4689 |
||
| 001 | 4689 | ||
| 003 | BD-JhCC | ||
| 005 | 20171129193250.0 | ||
| 008 | 171129s1374 bg |||| ||a| 000 0 ben d | ||
| 035 | _a(BD-JhCC)4689 | ||
| 040 |
_aBD-JhCC _dBD-JhCC |
||
| 041 | _aben | ||
| 082 |
_a891.4415 _bRAS 1374 |
||
| 100 | _aরশীদ, আ.ন.ম. বজলুর | ||
| 245 |
_aশীতে-বসন্তে / _cআ.ন.ম. বজলুর রশীদ |
||
| 260 |
_aঢাকা : _bনওরোজ কিতাবিস্তান, _c১৩৭৪. |
||
| 300 |
_a87 p. : _c224 cm. |
||
| 650 | _aBengali Poem | ||
| 942 |
_2ddc _cBK |
||